PCM : The Portable computing magazine.

Bibliographic Details
Format: Journal
Language:English
Published: [Prospect, Ky.] : [Falsoft, Inc]
Subjects:
Online Availability: Check for online availability

MARC

Tag First Indicator Second Indicator Subfields
LEADER 00000cas a2200000 a 4500
001 in00000426708
005 20151012055740.0
008 840309c19839999kyumr1p 0uuua0eng d
010 |a sn 84009978  
012 |j 1  |k 1  |m 1 
022 0 |a 0747-0460 
032 |a 713470  |b USPS 
035 |a (OCoLC)10501798 
035 |9 ABV1323AM 
037 |b Falsoft, Inc., 9529 U.S. Highway 42, P.O. Box 385, Prospect, KY 40059 
040 |a NSD  |c NSD  |d TXA  |d UtOrBLW 
042 |a nsdp 
049 |a TXAV 
090 |a QA76.8.T18  |b P4 
210 0 |a PCM 
222 0 |a PCM 
245 0 0 |a PCM :  |b The Portable computing magazine. 
246 1 0 |a Portable computing magazine  |f <Sept. 1983-Nov. 1984> 
246 1 0 |a Personal computer magazine for Tandy computer users  |f <Nov. 1985-> 
264 1 |a [Prospect, Ky.] :  |b [Falsoft, Inc] 
300 |a volumes :  |b illustrations ;  |c 28 cm. 
310 |a Monthly 
336 |a text  |b txt  |2 rdacontent 
337 |a unmediated  |b n  |2 rdamedia 
338 |a volume  |b nc  |2 rdacarrier 
362 0 |a Vol 1, no. 1 (July 1983)- 
500 |a Title from cover. 
500 |a Subtitle varies: "The personal computer magazine for Tandy computer users," <Nov. 1985-> 
650 0 |a TRS-80 computers  |x Periodicals. 
650 0 |a TRS-80 computers  |x Programming  |x Periodicals. 
650 0 |a Computer games  |v Periodicals. 
999 |a MARS 
999 f f |s 6caf267d-4c74-3736-9bd9-a5efcebc281f  |i a9f32e5d-0ddd-34a0-ae28-74d0a41a492a  |t 0 
952 f f |p ric  |a Texas A&M University  |b Rellis Campus  |c Joint Library Facility  |d Remote Storage  |t 0  |e QA76.8.T18 P4  |h Library of Congress classification  |i unmediated -- volume  |k v.4:no.7-12  |l 1987:Jan.-June  |m A14811827763 
952 f f |p ric  |a Texas A&M University  |b Rellis Campus  |c Joint Library Facility  |d Remote Storage  |t 0  |e QA76.8.T18 P4  |h Library of Congress classification  |i unmediated -- volume  |k v.5:no.1-6  |l 1987:July-Dec.  |m A14811827666 
952 f f |p ric  |a Texas A&M University  |b Rellis Campus  |c Joint Library Facility  |d Remote Storage  |t 0  |e QA76.8.T18 P4  |h Library of Congress classification  |i unmediated -- volume  |k v.5:no.7-12  |l 1988:Jan.-June  |m A14811827713 
952 f f |p ric  |a Texas A&M University  |b Rellis Campus  |c Joint Library Facility  |d Remote Storage  |t 0  |e QA76.8.T18 P4  |h Library of Congress classification  |i unmediated -- volume  |k v.6:no.1-6  |l 1988:July-Dec.  |m A14812918779 
952 f f |p ric  |a Texas A&M University  |b Rellis Campus  |c Joint Library Facility  |d Remote Storage  |t 0  |e QA76.8.T18 P4  |h Library of Congress classification  |i unmediated -- volume  |k v.3:no.7-12  |l 1986:Jan.-June  |m A14818733397 
952 f f |p ric  |a Texas A&M University  |b Rellis Campus  |c Joint Library Facility  |d Remote Storage  |t 0  |e QA76.8.T18 P4  |h Library of Congress classification  |i unmediated -- volume  |k v.6:no.7-9  |l 1989:Jan.-Mar.  |m A14816122079 
952 f f |p ric  |a Texas A&M University  |b Rellis Campus  |c Joint Library Facility  |d Remote Storage  |t 0  |e QA76.8.T18 P4  |h Library of Congress classification  |i unmediated -- volume  |k v.3:no.1-6  |l 1985:July-Dec.  |m A14843220352 
952 f f |p ric  |a Texas A&M University  |b Rellis Campus  |c Joint Library Facility  |d Remote Storage  |t 0  |e QA76.8.T18 P4  |h Library of Congress classification  |i unmediated -- volume  |k v.4:no.1-6  |l 1986:July-Dec.  |m A14843220345 
998 f f |a QA76.8.T18 P4  |s v.6:no.1-9 (1988:July-1989:Mar.)  |t 0  |l Remote Storage